[Event "ESP-ch Amateurs U2000"]
[Site "Murcia"]
[Date "2022.08.30"]
[Round "1.3"]
[White "Ruiz Gutierrez, Jose Manuel"]
[Black "Selva Salvador, Antonio"]
[Result "0-1"]
[WhiteElo "1807"]
[BlackElo "1982"]
[PlyCount "94"]
[EventDate "2022.08.30"]
[EventType "swiss"]
[EventRounds "7"]
[EventCountry "ESP"]
[SourceTitle "EXT 2024"]
[Source "ChessBase"]
[SourceDate "2023.10.10"]
[SourceVersion "1"]
[SourceVersionDate "2023.10.10"]
[SourceQuality "1"]

1. c4 e6 2. Nf3 d5 3. g3 Nf6 4. Bg2 Be7 5. 0-0 0-0 6. b3 b6 7. Bb2 Bb7 8. d3 c5 9. cxd5 exd5 10. Nbd2 Nc6 11. d4 Rc8 12. Re1 Re8 13. e3 Nb4 14. Bf1 cxd4 15. Nxd4 Bc5 16. N2f3 Ne4 17. a3 Nc6 18. Rc1 Nxd4 19. Nxd4 Qf6 20. Rc2 Bxd4 21. Bxd4 Qe7 22. Bh3 Rxc2 23. Qxc2 Ng5 24. Bg2 Rc8 25. Qb2 Ne6 26. Rc1 Nxd4 27. Rxc8+ Bxc8 28. Qxd4 Qxa3 29. Bxd5 Bh3 30. Bf3 Qc1+ 31. Qd1 Qxd1+ 32. Bxd1 Be6 33. e4 Kf8 34. f4 Ke7 35. Kf2 Kd6 36. Ke3 Kc5 37. f5 Bd7 38. g4 a5 39. h4 b5 40. g5 f6 41. Kf4 Kd4 42. h5 h6 43. gxh6 gxh6 44. Be2 Be8 45. Bf1 a4 46. bxa4 bxa4 47. Be2 a3 0-1

[Event "Aragon-ch Seniors 65+"]
[Site "Zaragoza"]
[Date "2018.05.26"]
[Round "6"]
[White "Gonzalez Felez, Jose Julian"]
[Black "Ruiz Gutierrez, Jose Manuel"]
[Result "1-0"]
[WhiteElo "2036"]
[BlackElo "1723"]
[PlyCount "31"]
[EventDate "2018.04.21"]
[EventType "swiss"]
[EventRounds "8"]
[EventCountry "ESP"]
[SourceTitle "EXT 2020"]
[Source "ChessBase"]
[SourceDate "2019.10.17"]
[SourceVersion "1"]
[SourceVersionDate "2019.10.17"]
[SourceQuality "1"]

1. b3 e5 2. Bb2 Nc6 3. e3 Nf6 4. Bb5 Bd6 5. Ne2 a6 6. Bxc6 dxc6 7. 0-0 0-0 8. f4 exf4 9. Nxf4 Bg4 10. Bxf6 Qxf6 11. Qxg4 Qxa1 12. Nc3 Qb2 13. Nh5 g6 14. Nf6+ Kg7 15. Qd4 Rfd8 16. Ne8+ 1-0

[Event "Moncada Cup-H"]
[Site "Santiago de Cuba"]
[Date "2018.03.27"]
[Round "10"]
[White "Ruiz Gutierrez, Jose Manuel"]
[Black "Rodriguez Ruiz, Jose Manuel"]
[Result "1/2-1/2"]
[WhiteElo "1749"]
[BlackElo "1824"]
[PlyCount "41"]
[EventDate "2018.03.20"]
[EventType "tourn"]
[EventRounds "10"]
[EventCountry "CUB"]
[SourceTitle "EXT 2021"]
[Source "ChessBase"]
[SourceDate "2020.10.23"]
[SourceVersion "1"]
[SourceVersionDate "2020.10.23"]
[SourceQuality "1"]

1. c4 c5 2. Nf3 Nc6 3. d4 cxd4 4. Nxd4 Nf6 5. g3 Qb6 6. Nb5 a6 7. N5c3 e6 8. Bg2 Be7 9. 0-0 0-0 10. Na4 Qc7 11. Bf4 d6 12. Nbc3 Ne5 13. Rc1 Rd8 14. Qb3 Rb8 15. Nb6 Ned7 16. Nca4 Nxb6 17. Nxb6 Nd7 18. Nxd7 Bxd7 19. c5 Bc6 20. cxd6 Bxd6 21. Be3 1/2-1/2

[Event "Bayamo Cespedes tt"]
[Site "Bayamo"]
[Date "2018.03.01"]
[Round "1.1"]
[White "Torres Acosta, Luis Daniel"]
[Black "Ruiz Gutierrez, Jose Manuel"]
[Result "1-0"]
[WhiteElo "1886"]
[BlackElo "1750"]
[PlyCount "33"]
[EventDate "2018.03.01"]
[EventType "team-tourn"]
[EventRounds "10"]
[EventCountry "CUB"]
[EventCategory "1"]
[SourceTitle "CBM 195 Extra"]
[Source "ChessBase"]
[SourceDate "2020.05.31"]
[SourceVersion "1"]
[SourceVersionDate "2020.05.31"]
[SourceQuality "1"]

1. e4 c5 2. Nf3 Nc6 3. d4 cxd4 4. Nxd4 Nf6 5. Nc3 g6 6. Nxc6 bxc6 7. e5 Ng8 8. Bc4 Bg7 9. Qf3 e6 10. Bf4 Ne7 11. 0-0 0-0 12. Ne4 Rb8 13. Nf6+ Kh8 14. Qh3 h5 15. g4 Rb4 16. Bg5 Rxc4 17. gxh5 1-0

[Event "Ciudad Heroe op"]
[Site "Santiago de Cuba"]
[Date "2018.02.20"]
[Round "6"]
[White "Villalon Toledano, Saily"]
[Black "Ruiz Gutierrez, Jose Manuel"]
[Result "1-0"]
[WhiteElo "1746"]
[BlackElo "1749"]
[PlyCount "75"]
[EventDate "2018.02.15"]
[EventType "swiss"]
[EventRounds "7"]
[EventCountry "CUB"]
[SourceTitle "EXT 2021"]
[Source "ChessBase"]
[SourceDate "2020.10.23"]
[SourceVersion "1"]
[SourceVersionDate "2020.10.23"]
[SourceQuality "1"]

1. e4 c5 2. Nf3 Nc6 3. d4 cxd4 4. Nxd4 g6 5. Nc3 Bg7 6. Be3 Nf6 7. Be2 0-0 8. 0-0 d5 9. exd5 Nxd5 10. Qd2 Nxe3 11. fxe3 e5 12. Nb3 Qxd2 13. Nxd2 Bh6 14. Rf3 Bf5 15. Bd3 Bxd3 16. cxd3 Rad8 17. Re1 Rxd3 18. Nb3 f5 19. Nc5 Rd2 20. Rf2 Rfd8 21. Nxb7 Rxf2 22. Kxf2 Rb8 23. Nc5 Rxb2+ 24. Re2 Rxe2+ 25. Kxe2 Bf8 26. Nd7 Kf7 27. Nxf8 Kxf8 28. Kd3 Ke7 29. Kc4 a6 30. Kc5 Kd7 31. Nd5 h5 32. h4 Ne7 33. Nxe7 Kxe7 34. Kb6 Kd6 35. Kxa6 f4 36. e4 Kc5 37. a4 Kc6 38. a5 1-0

[Event "Ciudad Heroe op"]
[Site "Santiago de Cuba"]
[Date "2018.02.19"]
[Round "5"]
[White "Ruiz Gutierrez, Jose Manuel"]
[Black "Calderin Rubio, Nayira"]
[Result "0-1"]
[WhiteElo "1749"]
[BlackElo "2019"]
[PlyCount "48"]
[EventDate "2018.02.15"]
[EventType "swiss"]
[EventRounds "7"]
[EventCountry "CUB"]
[SourceTitle "EXT 2021"]
[Source "ChessBase"]
[SourceDate "2020.10.23"]
[SourceVersion "1"]
[SourceVersionDate "2020.10.23"]
[SourceQuality "1"]

1. c4 f5 2. d4 Nf6 3. g3 e6 4. Bg2 Be7 5. Nh3 0-0 6. 0-0 d6 7. Nc3 Nc6 8. a3 Qe8 9. Nf4 e5 10. dxe5 dxe5 11. Nfd5 Bd6 12. b4 e4 13. e3 Be6 14. Bb2 Rd8 15. Qe2 b6 16. Rad1 Ne5 17. Nxf6+ Rxf6 18. Nd5 Rh6 19. Bxe5 Bxe5 20. f4 exf3 21. Bxf3 g5 22. Bh1 c6 23. e4 cxd5 24. cxd5 Bc8 0-1

[Event "Ciudad Heroe op"]
[Site "Santiago de Cuba"]
[Date "2018.02.15"]
[Round "1"]
[White "Ruiz Gutierrez, Jose Manuel"]
[Black "Garcia Lambert, Hugo"]
[Result "0-1"]
[WhiteElo "1749"]
[BlackElo "1966"]
[PlyCount "66"]
[EventDate "2018.02.15"]
[EventType "swiss"]
[EventRounds "7"]
[EventCountry "CUB"]
[SourceTitle "EXT 2021"]
[Source "ChessBase"]
[SourceDate "2020.10.23"]
[SourceVersion "1"]
[SourceVersionDate "2020.10.23"]
[SourceQuality "1"]

1. c4 e5 2. Nc3 Nf6 3. Nf3 Nc6 4. g3 g6 5. Bg2 Bg7 6. 0-0 0-0 7. d3 d6 8. Rb1 h6 9. b4 Be6 10. b5 Ne7 11. Bb2 Qd7 12. Ne1 Bh3 13. e4 Bxg2 14. Nxg2 Nh7 15. f4 f5 16. Qd2 Rae8 17. fxe5 dxe5 18. Ne3 f4 19. gxf4 exf4 20. Ned5 Ng5 21. Nxe7+ Rxe7 22. Nd5 Ref7 23. Bxg7 Kxg7 24. Kh1 c6 25. bxc6 bxc6 26. Nc3 f3 27. Qe3 f2 28. Nd1 Rf3 29. Qe2 Nh3 30. Rb3 Qg4 31. Nxf2 Qh5 32. Rb7+ Kg8 33. Qb2 R3f6 0-1

[Event "Aragon-ch Seniors-B"]
[Site "Zaragoza"]
[Date "2017.05.27"]
[Round "6"]
[White "Serra Casas, Jaime"]
[Black "Ruiz Gutierrez, Jose Manuel"]
[Result "0-1"]
[WhiteElo "1465"]
[BlackElo "1698"]
[PlyCount "132"]
[EventDate "2017.04.22"]
[EventType "swiss"]
[EventRounds "8"]
[EventCountry "ESP"]
[SourceTitle "EXT 2019"]
[Source "ChessBase"]
[SourceDate "2018.10.10"]
[SourceVersion "1"]
[SourceVersionDate "2018.10.10"]
[SourceQuality "1"]

1. e4 c5 2. Nf3 Nc6 3. d4 cxd4 4. Nxd4 Nf6 5. Nxc6 bxc6 6. Bd3 g6 7. Bd2 Bg7 8. Bc3 0-0 9. h3 Qc7 10. Nd2 d5 11. exd5 cxd5 12. Nf3 Re8 13. Be5 Qb6 14. Rb1 Bb7 15. 0-0 a5 16. c3 Rad8 17. Qc2 Nd7 18. Bxg7 Kxg7 19. b4 e5 20. bxa5 Qc7 21. a6 Bc6 22. Bb5 Bxb5 23. Rxb5 Qc6 24. a4 Nb6 25. Rfb1 Nc4 26. Qa2 Qxa6 27. Nd2 Nxd2 28. Qxd2 Qxa4 29. Rxd5 Rxd5 30. Qxd5 Qc2 31. Rb7 Qc1+ 32. Kh2 Qf4+ 33. Kg1 h5 34. g3 Qf6 35. Qe4 Rd8 36. Rb2 Qd6 37. Rb7 Qd5 38. Qxd5 Rxd5 39. c4 Rd4 40. c5 Rc4 41. Rb5 Kf6 42. Kf1 Ke6 43. Ke2 f5 44. Rb6+ Kf7 45. c6 f4 46. gxf4 exf4 47. Kd3 Rc1 48. Rb7+ Kf6 49. c7 Kg5 50. Kd2 Rc6 51. Kd3 Kh4 52. Kd4 g5 53. Ra7 f3 54. Kd5 Rc2 55. Ra4+ g4 56. Rc4 Rxf2 57. hxg4 Rd2+ 58. Ke4 f2 59. c8Q f1Q 60. gxh5 Qe1+ 61. Kf5+ Kh3 62. Kf4+ Kh2 63. Kg5 Qe5+ 64. Qf5 Rg2+ 65. Rg4 Rxg4+ 66. Kxg4 Qg3# 0-1

[Event "Aragon-ch Seniors-B"]
[Site "Zaragoza"]
[Date "2017.05.13"]
[Round "4"]
[White "Burillo Lazaro, Amelia"]
[Black "Ruiz Gutierrez, Jose Manuel"]
[Result "0-1"]
[WhiteElo "1387"]
[BlackElo "1698"]
[PlyCount "100"]
[EventDate "2017.04.22"]
[EventType "swiss"]
[EventRounds "8"]
[EventCountry "ESP"]
[SourceTitle "EXT 2019"]
[Source "ChessBase"]
[SourceDate "2018.10.10"]
[SourceVersion "1"]
[SourceVersionDate "2018.10.10"]
[SourceQuality "1"]

1. d4 Nf6 2. Nf3 c5 3. e3 g6 4. c4 Bg7 5. Nc3 0-0 6. Be2 b6 7. 0-0 Bb7 8. Bd3 d5 9. Qe2 Nc6 10. Rd1 cxd4 11. exd4 Nb4 12. Bb1 dxc4 13. a3 Nd3 14. Bxd3 cxd3 15. Qxd3 e6 16. Bg5 Rc8 17. h3 h6 18. Bf4 Nd5 19. Bh2 a6 20. Ne4 Rc6 21. Ne5 Bxe5 22. Bxe5 f5 23. Nd2 Qg5 24. Nf3 Nf4 25. Bxf4 Qxf4 26. Ne5 Rc7 27. Qg3 Qxg3 28. fxg3 Rc2 29. Nf3 Bxf3 30. gxf3 Rxb2 31. Rab1 Rxb1 32. Rxb1 b5 33. Rc1 Kf7 34. Rc6 Rd8 35. Rxa6 Rxd4 36. Kf2 Ra4 37. Rxa4 bxa4 38. f4 e5 39. fxe5 Ke6 40. Ke3 Kxe5 41. Kd3 f4 42. g4 g5 43. Kc3 f3 44. Kd2 Kf4 45. Ke1 Ke3 46. Kf1 Kd3 47. Kf2 Kc3 48. Kxf3 Kb3 49. Ke2 Kxa3 50. Kd2 Kb2 0-1

[Event "Bayamo Cespedes Memorial op"]
[Site "Bayamo"]
[Date "2017.03.04"]
[Round "5.24"]
[White "Ruiz Gutierrez, Jose Manuel"]
[Black "Machado Rojas, Gleidis Yisel"]
[Result "1/2-1/2"]
[WhiteElo "1710"]
[BlackElo "1767"]
[PlyCount "98"]
[EventDate "2017.03.01"]
[EventType "swiss"]
[EventRounds "9"]
[EventCountry "CUB"]
[SourceTitle "EXT 2023"]
[Source "ChessBase"]
[SourceDate "2022.10.05"]
[SourceVersion "1"]
[SourceVersionDate "2022.10.05"]
[SourceQuality "1"]

1. c4 c5 2. g3 Nc6 3. Bg2 g6 4. e3 Bg7 5. Ne2 e6 6. 0-0 Nge7 7. Nbc3 0-0 8. d4 cxd4 9. exd4 d5 10. cxd5 exd5 11. Be3 Qb6 12. Qd2 Rd8 13. Rfe1 Bf5 14. Nf4 Be4 15. Nxe4 dxe4 16. Rad1 Bxd4 17. Bxd4 Rxd4 18. Qc3 Rxd1 19. Rxd1 e3 20. fxe3 Rc8 21. h4 Nb4 22. Qb3 Nf5 23. Rd7 Qxe3+ 24. Qxe3 Nxe3 25. Bxb7 Rc1+ 26. Kf2 Nd1+ 27. Ke2 Nxb2 28. a3 Rc2+ 29. Ke3 Rc3+ 30. Kd4 Rxa3 31. Kc5 N2d3+ 32. Nxd3 Nxd3+ 33. Kb5 Ne5 34. Re7 Ng4 35. Bd5 Nh6 36. g4 Nxg4 37. Rxf7 Kh8 38. h5 Nh6 39. Rc7 a6+ 40. Kb4 Ra1 41. Rc8+ Kg7 42. Rc7+ Kf6 43. Rxh7 a5+ 44. Kc3 Ng4 45. Rf7+ Ke5 46. hxg6 Kxd5 47. g7 Nh6 48. Rf6 Rg1 49. Rxh6 Rxg7 1/2-1/2

[Event "Zaragoza Province-ch Primera"]
[Site "Zaragoza"]
[Date "2015.09.27"]
[Round "1"]
[White "Ruiz Gutierrez, Jose Manuel"]
[Black "Lorente Latorre, Antonio"]
[Result "1/2-1/2"]
[WhiteElo "1795"]
[BlackElo "1632"]
[PlyCount "70"]
[EventDate "2015.09.27"]
[EventType "swiss"]
[EventRounds "6"]
[EventCountry "ESP"]
[SourceTitle "CBM 170 Extra"]
[Source "ChessBase"]
[SourceDate "2016.02.25"]
[SourceVersion "1"]
[SourceVersionDate "2016.02.25"]
[SourceQuality "1"]

1. c4 Nf6 2. Nc3 e6 3. a3 Be7 4. g3 0-0 5. Bg2 d5 6. b3 c6 7. Nf3 Nbd7 8. d4 h6 9. 0-0 Ne4 10. Bb2 Nxc3 11. Bxc3 Nf6 12. Ne5 Nd7 13. f4 Qe8 14. e4 f6 15. Nd3 dxe4 16. Bxe4 f5 17. Bg2 Bf6 18. Ne5 Nxe5 19. dxe5 Be7 20. Bb4 c5 21. Be1 Rb8 22. Rf3 b6 23. Rd3 Bb7 24. Bxb7 Rxb7 25. Qf3 Qa8 26. Rad1 Rc7 27. Kf2 Qxf3+ 28. Kxf3 Kf7 29. h3 Rfc8 30. g4 g6 31. a4 Ke8 32. a5 Rd8 33. axb6 Rxd3+ 34. Rxd3 axb6 35. Bf2 Rd7 1/2-1/2

[Event "Aragon-chT Preferente B"]
[Site "Aragon"]
[Date "2012.03.03"]
[Round "5.54"]
[White "Gella Lopez, Angel"]
[Black "Ruiz Gutierrez, Jose Manuel"]
[Result "1-0"]
[WhiteElo "2080"]
[BlackElo "1863"]
[PlyCount "75"]
[EventDate "2012.02.04"]
[EventType "team"]
[EventRounds "9"]
[EventCountry "ESP"]
[SourceTitle "EXT 2014"]
[Source "ChessBase"]
[SourceDate "2013.11.20"]
[SourceVersion "1"]
[SourceVersionDate "2013.11.20"]
[SourceQuality "1"]
[WhiteTeam "Atl Huesca"]
[BlackTeam "El Soto"]
[WhiteTeamCountry "ESP"]
[BlackTeamCountry "ESP"]

1. Nf3 g6 2. c4 Bg7 3. d4 Nf6 4. Nc3 0-0 5. e4 d6 6. Be2 Bg4 7. 0-0 Nc6 8. d5 Bxf3 9. Bxf3 Ne5 10. Be2 a5 11. f4 Ned7 12. Be3 c5 13. dxc6 bxc6 14. Bf3 Rb8 15. Qe2 Qc7 16. Rfd1 Rfe8 17. Rac1 h5 18. h3 Rb4 19. b3 Kh7 20. g4 hxg4 21. hxg4 Rh8 22. g5 Ne8 23. Bg4 Nc5 24. e5 Ne6 25. Bxe6 fxe6 26. Qg4 Qc8 27. Na4 c5 28. Bd2 Rb8 29. Bxa5 Kg8 30. Nb6 Rxb6 31. Bxb6 Kf7 32. Qg2 Qa6 33. Bd8 Qc8 34. Ba5 dxe5 35. fxe5 Bxe5 36. Qf3+ Kg7 37. Rd8 Qa6 38. Rf1 1-0

[Event "Aragon-chT Preferente B"]
[Site "Aragon"]
[Date "2012.02.04"]
[Round "1.63"]
[White "Ruiz Gutierrez, Jose Manuel"]
[Black "Lafarga Bueno, Daniel"]
[Result "0-1"]
[WhiteElo "1863"]
[BlackElo "1851"]
[PlyCount "81"]
[EventDate "2012.02.04"]
[EventType "team"]
[EventRounds "9"]
[EventCountry "ESP"]
[SourceTitle "EXT 2014"]
[Source "ChessBase"]
[SourceDate "2013.11.20"]
[SourceVersion "1"]
[SourceVersionDate "2013.11.20"]
[SourceQuality "1"]
[WhiteTeam "El Soto"]
[BlackTeam "St Casablanca IV"]
[WhiteTeamCountry "ESP"]
[BlackTeamCountry "ESP"]

1. d4 d5 2. Nf3 Nf6 3. c4 e6 4. Nc3 Be7 5. Bf4 c6 6. e3 0-0 7. Bd3 Nbd7 8. h3 b6 9. cxd5 exd5 10. 0-0 Bb7 11. Rc1 Rc8 12. Qe2 c5 13. dxc5 bxc5 14. Rfd1 Qb6 15. b3 Rfd8 16. Bg5 h6 17. Bh4 Qe6 18. Qc2 d4 19. Bc4 Qb6 20. Na4 Qa5 21. exd4 Bxf3 22. gxf3 cxd4 23. Rxd4 Ba3 24. Rcd1 Ne5 25. Rxd8+ Rxd8 26. Bxf6 gxf6 27. Rxd8+ Qxd8 28. f4 Nxc4 29. Qxc4 Qd6 30. Nc3 Bc1 31. Nd5 Ba3 32. Kg2 a5 33. Kf3 Bc5 34. Nxf6+ Kf8 35. Ne4 Qd1+ 36. Kg3 Qg1+ 37. Kf3 Qd1+ 38. Qe2 Qh1+ 39. Kg4 Qg2+ 40. Ng3 Bxf2 41. Qd3 0-1

[Event "Aragon-chT Preferente-B"]
[Site "Spain"]
[Date "2011.02.12"]
[Round "2.4"]
[White "Lopez Capape, Armando"]
[Black "Ruiz Gutierrez, Jose Manuel"]
[Result "0-1"]
[WhiteElo "1909"]
[BlackElo "1870"]
[PlyCount "90"]
[EventDate "2011.02.05"]
[EventType "team-tourn"]
[EventRounds "9"]
[EventCountry "ESP"]
[SourceTitle "EXT 2013"]
[Source "ChessBase"]
[SourceDate "2012.11.22"]
[SourceVersion "1"]
[SourceVersionDate "2012.11.22"]
[SourceQuality "1"]
[WhiteTeam "Ramiro II"]
[BlackTeam "El Soto"]
[WhiteTeamCountry "ESP"]
[BlackTeamCountry "ESP"]

1. d4 Nf6 2. Nf3 g6 3. c4 c5 4. Nc3 cxd4 5. Nxd4 Bg7 6. e4 d6 7. Be2 0-0 8. 0-0 Nc6 9. Be3 Bd7 10. f3 a6 11. Qd2 Re8 12. Rac1 Rc8 13. Nd5 Nxd5 14. cxd5 Nxd4 15. Bxd4 Bxd4+ 16. Qxd4 Rxc1 17. Rxc1 Qa5 18. a3 Rc8 19. Rxc8+ Bxc8 20. Kf2 Bd7 21. f4 f6 22. g4 Bb5 23. Bxb5 Qxb5 24. b4 h6 25. h4 Qd7 26. f5 Qc8 27. Qd3 g5 28. hxg5 hxg5 29. a4 Qc1 30. b5 a5 31. Ke2 Qf4 32. Qf3 Qh2+ 33. Qf2 Qe5 34. Qe3 Kf7 35. Qd3 Qh2+ 36. Ke3 Qf4+ 37. Kd4 Qxg4 38. Qd2 Qg1+ 39. Kd3 b6 40. Qe2 Qg3+ 41. Kc2 g4 42. Qd2 Qh3 43. Qf2 g3 44. Qf3 Qh2+ 45. Kb3 g2 0-1

[Event "Aragon-chT Preferente-B"]
[Site "Spain"]
[Date "2011.02.05"]
[Round "1.4"]
[White "Ruiz Gutierrez, Jose Manuel"]
[Black "Tirapo Larcuen, Ana"]
[Result "1-0"]
[WhiteElo "1870"]
[BlackElo "1942"]
[PlyCount "104"]
[EventDate "2011.02.05"]
[EventType "team-tourn"]
[EventRounds "9"]
[EventCountry "ESP"]
[SourceTitle "EXT 2013"]
[Source "ChessBase"]
[SourceDate "2012.11.22"]
[SourceVersion "1"]
[SourceVersionDate "2012.11.22"]
[SourceQuality "1"]
[WhiteTeam "El Soto"]
[BlackTeam "Agrupacion II"]
[WhiteTeamCountry "ESP"]
[BlackTeamCountry "ESP"]

1. d4 g6 2. Nf3 Bg7 3. e4 d6 4. h3 Nf6 5. Bd3 c6 6. 0-0 Qc7 7. c4 0-0 8. Nc3 e5 9. Be3 Nh5 10. Qd2 f5 11. exf5 gxf5 12. dxe5 dxe5 13. Bc2 Na6 14. Bg5 Be6 15. Bb3 Rf7 16. Rfd1 Rd7 17. Qe2 h6 18. Rxd7 Qxd7 19. Rd1 Qc7 20. Bc1 Bf7 21. Nh4 Qc8 22. Qd3 e4 23. Qd6 Bf8 24. Qe5 Be6 25. Rd8 Qxd8 26. Qxe6+ Kh8 27. Qxf5 Qxh4 28. Nxe4 Ng7 29. Qg6 Qh5 30. Qf6 Re8 31. Bc2 Nb8 32. g4 Qxh3 33. Qg6 Re6 34. Qf7 Qxg4+ 35. Kf1 Qf5 36. Qxb7 Qh3+ 37. Kg1 Rg6+ 38. Ng3 Re6 39. Bd2 Bd6 40. Qc8+ Ne8 41. Bc3+ Kg8 42. Bf5 Qh4 43. Qxe6+ Kf8 44. Bg6 Qe7 45. Qf5+ Kg8 46. Bxe8 Qxe8 47. Qf6 Qe7 48. Qg6+ Kf8 49. Nf5 Bh2+ 50. Kxh2 Qc7+ 51. Qd6+ Qxd6+ 52. Nxd6 Ke7 1-0

[Event "Aragon-chT Preferente"]
[Site "Spain"]
[Date "2010.02.20"]
[Round "5.60"]
[White "Ruiz Gutierrez, Jose Manuel"]
[Black "Lencina Orodea, Javier"]
[Result "1-0"]
[WhiteElo "1899"]
[BlackElo "1781"]
[PlyCount "47"]
[EventDate "2010.01.23"]
[EventType "team-swiss"]
[EventRounds "12"]
[EventCountry "ESP"]
[SourceTitle "EXT 2013"]
[Source "ChessBase"]
[SourceDate "2012.11.22"]
[SourceVersion "1"]
[SourceVersionDate "2012.11.22"]
[SourceQuality "1"]
[WhiteTeam "El Soto"]
[BlackTeam "Caissa Hermanos Cortes II"]
[WhiteTeamCountry "ESP"]
[BlackTeamCountry "ESP"]

1. c4 Nf6 2. Nc3 c5 3. Nf3 d6 4. g3 e5 5. Bg2 Be7 6. 0-0 0-0 7. h3 Nbd7 8. Re1 Re8 9. e3 a6 10. d4 Rb8 11. a4 Qb6 12. dxe5 Nxe5 13. Nxe5 dxe5 14. a5 Qe6 15. b3 Bd7 16. e4 h6 17. Ra2 Red8 18. Nd5 Bc6 19. Rae2 Rd6 20. f4 Bd8 21. fxe5 Bxa5 22. exd6 Bxe1 23. Qxe1 Qxd6 24. Bf4 1-0

[Event "Aragon-chT Preferente"]
[Site "Spain"]
[Date "2010.02.06"]
[Round "3.35"]
[White "Ruiz Gutierrez, Jose Manuel"]
[Black "Quintin Navarro, Alberto"]
[Result "0-1"]
[WhiteElo "1899"]
[BlackElo "2047"]
[PlyCount "60"]
[EventDate "2010.01.23"]
[EventType "team-swiss"]
[EventRounds "12"]
[EventCountry "ESP"]
[SourceTitle "EXT 2013"]
[Source "ChessBase"]
[SourceDate "2012.11.22"]
[SourceVersion "1"]
[SourceVersionDate "2012.11.22"]
[SourceQuality "1"]
[WhiteTeam "El Soto"]
[BlackTeam "St Casablanca II"]
[WhiteTeamCountry "ESP"]
[BlackTeamCountry "ESP"]

1. c4 e6 2. Nf3 d5 3. g3 Nf6 4. Bg2 dxc4 5. Qa4+ c6 6. Qxc4 b5 7. Qc2 Bb7 8. 0-0 Bd6 9. b3 0-0 10. Bb2 Nbd7 11. d3 e5 12. a4 a6 13. Nbd2 Rc8 14. d4 Qe7 15. dxe5 Nxe5 16. Rfd1 Rfe8 17. Nd4 Neg4 18. N2f3 Bb8 19. e3 c5 20. Nf5 Qf8 21. Ng5 Bxg2 22. Kxg2 c4 23. axb5 axb5 24. bxc4 Rxc4 25. Qd3 Be5 26. Bxe5 Nxe5 27. Qd6 h6 28. Nf3 Nxf3 29. Kxf3 Ne4 30. Nxh6+ gxh6 0-1

[Event "Aragon-chT"]
[Site "Aragon"]
[Date "2008.03.01"]
[Round "5"]
[White "Navarro Castan, Jesus"]
[Black "Ruiz Gutierrez, Jose Manuel"]
[Result "0-1"]
[WhiteElo "1888"]
[BlackElo "1899"]
[PlyCount "50"]
[EventDate "2008.02.02"]
[EventType "team-swiss"]
[EventRounds "12"]
[EventCountry "ESP"]
[SourceTitle "EXT 2011"]
[Source "ChessBase"]
[SourceDate "2010.11.26"]
[SourceVersion "1"]
[SourceVersionDate "2010.11.26"]
[SourceQuality "1"]

1. e4 c5 2. Nf3 e6 3. d4 cxd4 4. Nxd4 Nf6 5. Nc3 a6 6. e5 Ng8 7. Bd3 Qc7 8. f4 Bb4 9. Bd2 Ne7 10. Ne4 Bxd2+ 11. Qxd2 0-0 12. 0-0-0 b5 13. Nd6 Bb7 14. Qf2 Bd5 15. Kb1 Nbc6 16. Nf3 f5 17. Rhg1 Qa5 18. c4 bxc4 19. Bxc4 Rab8 20. Qd2 Qa4 21. Bxd5 Nxd5 22. g3 Qa3 23. Nc4 Qxf3 24. Rgf1 Qe4+ 25. Qc2 Nc3+ 0-1